000 00376nam a2200121Ia 4500
008 231129s9999||||xx |||||||||||||| ||spa||
020 _a84-270-1268-3
082 _a843 M583h
100 _aMessadié Gerald
245 0 _aEl hombre que se convirtió en Dios
264 _aBarcelona España : Ediciones Martí­nez Roca
942 _2ddc
_cBKS
999 _c11297
_d11297